| 000 | 02359cam a2200589 i 4500 | ||
|---|---|---|---|
| 001 | 2366 | ||
| 005 | 20250616110858.0 | ||
| 020 |
_a9781423194323 _q(paperback) |
||
| 020 |
_a1423194322 _q(paperback) |
||
| 020 |
_a9781480644243 _q(paw prints) |
||
| 020 |
_a1480644242 _q(paw prints) |
||
| 020 | _a1484430522 | ||
| 020 | _a9781484430521 | ||
| 020 | _a9780606352635 | ||
| 020 | _a0606352635 | ||
| 020 | _a9781532141942 (hbk.) | ||
| 020 | _a1532141947 | ||
| 040 |
_aCNSAP _beng _cCNSAP _erda _dSINLB _dOCLCO _dWL8 _dOCLCO _dJAO _dOCLCF _dYDXCP _dBTCTA _dBDX _dOI6 _dIGA _dCNUXB _dALRCP _dSFR _dBYV _dCHILD _dO2C _dEHH _dALV _dOCLCO _dW8A _dDLC _dDLC |
||
| 050 | 0 | 0 |
_aPZ7.B1393 _bJu 2019 |
| 082 | 0 | 4 |
_a428.6 _223 |
| 100 | 1 |
_aBaer, Jill _eauthor |
|
| 245 | 1 | 0 |
_aJust one of the princes / _cbased on the television episode written by Craig Gerber ; adapted by Jill Baer ; illustrated by Character Building Studio and the Disney Storybook Art Team. |
| 250 | _aFirst edition | ||
| 260 |
_aGlendale : _bDisney Enterprises, _c2014 |
||
| 300 |
_a32 pages : _bcolor illustrations _c23 cm |
||
| 490 | 1 | _aWorld of reading. Level 1 | |
| 500 | _aAt head of title: Disney Sofia the First. | ||
| 500 | _a"Disney Junior"--Cover. | ||
| 505 | _aF | ||
| 520 | _aAfter being told that joining the Royal Prep's Flying Derby team is not a "princess thing," Sofia is encouraged by her mother to prove her critics wrong and try out for the team. | ||
| 521 | 2 |
_a430 _bLexile |
|
| 521 | 2 |
_aF _bRaz-Plus |
|
| 650 | 0 |
_aPrincesses _vJuvenile fiction. |
|
| 650 | 0 |
_aSex role _vJuvenile fiction. |
|
| 650 | 1 |
_aPrincesses _vFiction. |
|
| 650 | 1 |
_aSex role _vFiction. |
|
| 650 | 7 |
_aJUVENILE FICTION / Media Tie-In. _2bisacsh |
|
| 650 | 7 |
_aJUVENILE FICTION / Reader - Beginner. _2bisacsh |
|
| 650 | 7 |
_aJUVENILE FICTION / Royalty. _2bisacsh |
|
| 650 | 7 |
_aPrincesses. _2fast _0(OCoLC)fst01076505 |
|
| 650 | 7 |
_aSex role. _2fast _0(OCoLC)fst01114598 |
|
| 650 | 7 |
_aRadio and television novels. _2sears |
|
| 650 | 7 |
_aSex role _vFiction. _2sears |
|
| 650 | 7 |
_aPrincesses _vFiction. _2sears |
|
| 655 | 4 | _aReaders (Primary) | |
| 655 | 7 |
_aFiction. _2fast _0(OCoLC)fst01423787 |
|
| 655 | 7 |
_aJuvenile works. _2fast _0(OCoLC)fst01411637 |
|
| 655 | 7 |
_aRadio and television novels. _2gsafd |
|
| 655 | 7 |
_aFiction. _2lcgft |
|
| 906 |
_a7 _bcbc _ccopycat _d2 _encip _f20 _gy-gencatlg |
||
| 942 |
_2ddc _cBK _n0 |
||
| 999 |
_c2366 _d2366 |
||